| 000 | 00349nam a2200145Ia 4500 | ||
|---|---|---|---|
| 008 | 191201s2007 xx 000 0 und d | ||
| 082 |
_a004.21 _bMAS |
||
| 100 | _aMATHE, Kendall | ||
| 245 | 0 | _aSystems Analysis and Design | |
| 250 | _a6th | ||
| 260 |
_aN.Delhi _bPearson Education _c2007 |
||
| 300 | _a686 | ||
| 650 | _aB.Tech(IT) | ||
| 942 |
_2ddc _cBK |
||
| 999 |
_c2925 _d2925 |
||